| 000 | 01107nac a22003137a 4500 | ||
|---|---|---|---|
| 001 | BR7908397 | ||
| 003 | BR-BrBNA | ||
| 005 | 20240105114549.0 | ||
| 008 | 230509b bl.|||m| |||| 00| 0 por d | ||
| 040 |
_aBR-BrBNA _bpor _cBiblioteca Nacional de Agricultura |
||
| 072 | _aH20 | ||
| 090 | _a2110 BR7908397 | ||
| 100 | 1 | _aBastos, C.N. | |
| 100 | 1 | _aEvans, H.C. | |
| 110 | 1 |
_aComissao Executiva do Plano da Lavoura Cacaueira, Belem, PA (Brasil). Depto. Especial da Amazonia _92095 |
|
| 245 | 1 | _aResultados preliminares sobre o estabelecimento de um sistema de controle da vassoura-de-bruxa na Amazonia [fungicida, Brasil] | |
| 260 | 3 |
_aBelem, PA (Brasil): _c1979. |
|
| 300 | _a19 p. | ||
| 490 |
_aComunicado Tecnico - Comissao Executiva do Plano da Lavoura Cacaueira. Depto. Especial da Amazonia (Brazil) _vno. 12 _x |
||
| 500 | _aSummaries (En, Pt) | ||
| 650 | _aCACAU | ||
| 650 | _aDOENCA DE PLANTA | ||
| 650 | _aVASSOURA-DE-BRUXA | ||
| 650 | _aFUNGICIDA | ||
| 650 | _aCONTROLE QUIMICO | ||
| 650 | _aAMAZONIA | ||
| 909 |
_a202312 _bLúcia Elande _c55 _dLúcia Elande |
||
| 942 |
_2AGRIS _n0 _cMS |
||
| 999 |
_c270059 _d270059 |
||